000 00475nam a2200145 4500
999 _c9439
_d9439
008 151027b xxu||||| |||| 00| 0 eng d
020 _a9789966466839
050 _aAFR PR 9381.9 .K55 2012
100 _aKiriamiti, John.
245 _aThe sinister trophy /
_cJohn Kiriamiti.
260 _aNairobi :
_bSpear books,
_c2012.
300 _a210 p.
_c18cm.
650 _aAfrican literature.
942 _2lcc
_cBOOKS
_hAFR PR 9381.9 .K55 2012
_026